000 01322nam a22003377a 4500
003 CHAP
005 20220817044436.0
008 110503s2010 mx r 00010 spa d
010 _a101114
011 _a102086
020 _a9786074941074
035 _a112774
040 _cCHAP
082 0 4 _a336.72
_bI64 2003-2008
110 2 _aInstituto Nacional de Estadística y Geografía. México
245 1 0 _aSistema de cuentas nacionales de México :
_bgobiernos estatales y gobiernos locales : cuentas corrientes y de acumulación : cuentas de producción por finalidad 2003 - 2003 año base 2003
_c/por Instituto Nacional de Estadística y Geografía
260 _aAguascalientes, Ags. :
_bINEGI
_cc2010
300 _a518 p. :
_bcuadros
590 _aBATCH-UPD
_b10
_c20130110
_lUCH01
_h0918
590 _aBATCH-UPD
_b10
_c20130410
_lUCH01
_h0541
590 _aBATCH-UPD
_b10
_c20130914
_lUCH01
_h1153
590 _aCONVERSION
_b10
_c20130109
_lUCH01
_h1356
650 1 4 _aDesarrollo económico.
650 1 4 _aFinanzas públicas.
_940953
650 1 4 _aIngresos
_xContabilidad
_zMéxico.
_958391
650 1 4 _aMéxico
_xCondiciones económicas.
650 1 4 _aProducto interno bruto.
_991870
901 _aBK
942 _cLIBRO
949 _a336.72 I64 2003-2008
_bBC
_cINEGI
_d33724002257462
_eINEGI
_gDonacØn
_h114829
_i112774
_sb
999 _c101114
_d101114